[Event "SR 2. liga A 2005/2006"]
[Site "?"]
[Date "2005.10.23"]
[Round "8.4"]
[White "Lahucky, Pavol"]
[Black "Puskas, Miroslav"]
[Result "1-0"]
[WhiteElo "2107"]
[BlackElo "2072"]
[PlyCount "85"]
[EventDate "2005.??.??"]

1. c4 c5 2. Nc3 Nc6 3. e4 d6 4. d3 Nf6 5. Be2 h6 6. Be3 Bd7 7. h3 e5 8. Nf3 Be7
9. Qd2 a6 10. O-O Nd4 11. Bd1 b5 12. Nh2 Rb8 13. b3 b4 14. Ne2 Nxe2+ 15. Bxe2
g5 16. a3 a5 17. axb4 axb4 18. Ra7 Ra8 19. Rfa1 Rxa7 20. Rxa7 Qb8 21. Qa2 O-O
22. h4 gxh4 23. Bxh6 Re8 24. Bg5 Nxe4 25. dxe4 Bxg5 26. Rxd7 Re7 27. Rxe7 Bxe7
28. Qa6 Kg7 29. Bg4 Qd8 30. Qa7 Qf8 31. Qd7 Qd8 32. Qxd8 Bxd8 33. Nf3 Kh6 34.
Kh2 Bf6 35. Kh3 d5 36. exd5 e4 37. Nd2 e3 38. fxe3 Bg5 39. Ne4 Bxe3 40. d6 Bf4
41. d7 Bc7 42. Nxc5 Kg5 43. Na6 1-0

[Event "SR 2. liga A 2005/2006"]
[Site "?"]
[Date "2005.10.23"]
[Round "8.5"]
[White "Stetina, Erik"]
[Black "Gajarsky, Roman"]
[Result "0-1"]
[WhiteElo "1871"]
[BlackElo "2052"]
[PlyCount "56"]
[EventDate "2005.??.??"]

1. e4 e5 2. Bc4 Nf6 3. Nf3 Nxe4 4. Nc3 Nf6 5. Nxe5 d5 6. Bb3 Be6 7. O-O Bd6 8.
d4 O-O 9. Bg5 c6 10. f4 Bf5 11. Ne2 h6 12. Bh4 Nbd7 13. Ng3 Bh7 14. Nxd7 Qxd7
15. Bxf6 gxf6 16. c3 Kh8 17. Qh5 Rg8 18. Qxh6 Rg6 19. Qh5 Qg4 20. Bd1 Qxh5 21.
Bxh5 Rg7 22. Rae1 Rag8 23. Rf2 Bg6 24. Bd1 Bd3 25. Re3 Bb1 26. Nh5 Rg6 27. a3
Be4 28. Bc2 Rxg2+ 0-1

[Event "SR 2. liga A 2005/2006"]
[Site "?"]
[Date "2005.10.23"]
[Round "8.6"]
[White "Peska, Juraj"]
[Black "Bukovsky, Milan"]
[Result "1/2-1/2"]
[WhiteElo "2020"]
[BlackElo "2030"]
[PlyCount "79"]
[EventDate "2005.??.??"]

1. c4 Nf6 2. Nc3 e6 3. g3 Nc6 4. Bg2 Be7 5. d4 d5 6. cxd5 exd5 7. Nf3 O-O 8.
O-O Be6 9. Ng5 Bf5 10. a3 h6 11. Nh3 Ne4 12. Nf4 Nxc3 13. bxc3 Be4 14. Bxe4
dxe4 15. Qc2 Re8 16. Rb1 b6 17. Qxe4 Na5 18. Qd5 c5 19. e3 Rc8 20. a4 cxd4 21.
cxd4 Qxd5 22. Nxd5 Rc4 23. Nxe7+ Rxe7 24. Ba3 Rd7 25. Rb4 Rdc7 26. Rfb1 Rc3 27.
Bb2 Rd3 28. Kg2 Rc2 29. Rc1 Rdd2 30. Rxc2 Rxc2 31. d5 Nc4 32. Bd4 Kf8 33. e4 f6
34. Kf3 Ke7 35. Kf4 g6 36. h4 Nd6 37. Ke3 Rc1 38. f3 Rf1 39. Rb3 Re1+ 40. Kd2
1/2-1/2

[Event "SR 2. liga A 2005/2006"]
[Site "?"]
[Date "2005.10.23"]
[Round "8.7"]
[White "Hagara, Vladimir"]
[Black "Synak, Jan"]
[Result "1/2-1/2"]
[WhiteElo "1981"]
[BlackElo "1779"]
[PlyCount "61"]
[EventDate "2005.??.??"]

1. d4 Nf6 2. c4 e6 3. Nc3 d5 4. Bg5 Be7 5. e3 Nbd7 6. Nf3 O-O 7. Rc1 c6 8. Bd3
dxc4 9. Bxc4 Nd5 10. Bxe7 Qxe7 11. Bd3 Nxc3 12. Rxc3 e5 13. dxe5 Nxe5 14. Nxe5
Qxe5 15. O-O Be6 16. Qc2 h6 17. Rc5 Qf6 18. b4 Rfd8 19. b5 cxb5 20. Bxb5 Rac8
21. a3 a6 22. Be2 Qe7 23. Rxc8 Rxc8 24. Qb2 Qc7 25. Rd1 b5 26. Qd2 Qc3 27. Qd6
Qc6 28. Qb4 Bd5 29. Bg4 Be6 30. Bf3 Qc3 31. Qd6 1/2-1/2

[Event "SR 2. liga A 2005/2006"]
[Site "?"]
[Date "2005.10.23"]
[Round "8.8"]
[White "Barca, Michal"]
[Black "Bahna, Jan"]
[Result "0-1"]
[WhiteElo "1845"]
[BlackElo "1989"]
[PlyCount "58"]
[EventDate "2005.??.??"]

1. c4 c5 2. Nc3 Nc6 3. g3 g6 4. d3 Bg7 5. Bg2 Nf6 6. Nf3 O-O 7. Bf4 Nh5 8. Bd2
d6 9. O-O Bd7 10. Rb1 Rb8 11. a3 a5 12. Qe1 b6 13. e3 Qc8 14. Ne2 Bh3 15. d4
Bxg2 16. Kxg2 e5 17. d5 e4 18. Ng5 Qg4 19. Nxh7 Ne5 20. Nxf8 Rxf8 21. b3 Qf3+
22. Kg1 g5 23. h3 Bf6 24. Kh2 g4 25. Ng1 Qf5 26. Qd1 Kg7 27. Kg2 Rh8 28. hxg4
Nxg4 29. f3 Nf4+ 0-1

[Event "SR 2. liga A 2005/2006"]
[Site "?"]
[Date "2005.10.23"]
[Round "9.1"]
[White "Tepper, Frantisek"]
[Black "Petrik, Stanislav"]
[Result "1/2-1/2"]
[WhiteElo "2216"]
[BlackElo "2246"]
[PlyCount "20"]
[EventDate "2005.??.??"]

1. e4 c5 2. Nf3 Nc6 3. Bb5 g6 4. O-O Bg7 5. c3 Qb6 6. Na3 Nf6 7. Re1 O-O 8. e5
Nd5 9. Bc4 e6 10. Bb3 a6 1/2-1/2

[Event "SR 2. liga A 2005/2006"]
[Site "?"]
[Date "2005.10.23"]
[Round "9.2"]
[White "Biro, Karol"]
[Black "Fabry, Robert"]
[Result "0-1"]
[WhiteElo "2172"]
[BlackElo "2198"]
[PlyCount "136"]
[EventDate "2005.??.??"]

1. c4 Nf6 2. Nc3 e6 3. e4 d5 4. e5 d4 5. exf6 dxc3 6. bxc3 Qxf6 7. d4 c5 8. Nf3
cxd4 9. cxd4 Bb4+ 10. Bd2 Bxd2+ 11. Qxd2 O-O 12. Be2 Rd8 13. O-O Nc6 14. d5
exd5 15. cxd5 Ne7 16. Rab1 Nxd5 17. Rfc1 Nf4 18. Qe3 Bg4 19. Bf1 b6 20. Rb3 h6
21. Qe5 Qxe5 22. Nxe5 Be6 23. Rf3 Nd5 24. Nc6 Rdc8 25. Ba6 Rc7 26. Rc2 Re8 27.
h3 Nf6 28. Bb5 Bd5 29. Rfc3 Re1+ 30. Kh2 Ne4 31. Rd3 Bxc6 32. Rd8+ Kh7 33. Bxc6
Nc5 34. Bd5 Ree7 35. Rf8 g6 36. f4 Kg7 37. Ra8 Nd3 38. Rxc7 Rxc7 39. Kg3 Nb4
40. Bb3 Rc3+ 41. Kh2 Rc7 42. g4 Nxa2 43. h4 Nb4 44. g5 hxg5 45. fxg5 Rd7 46.
Kg2 a5 47. Rb8 Rd2+ 48. Kf1 Rd3 49. Ba4 Rd6 50. Rb7 Rd4 51. Be8 Rf4+ 52. Kg2
Nd5 53. Kg3 Rf1 54. Bb5 Rc1 55. Be8 Nc7 56. Bd7 Rc3+ 57. Kg4 Nd5 58. Be6 Nc7
59. Bd7 Na8 60. Be8 Rc7 61. Rb8 Rc4+ 62. Kg3 Nc7 63. Bd7 b5 64. Rb7 Rc5 65. Kf3
a4 66. Ra7 Kf8 67. Ke3 Ke7 68. Kd4 Rd5+ 0-1

[Event "SR 2. liga A 2005/2006"]
[Site "?"]
[Date "2005.10.23"]
[Round "9.3"]
[White "Janos, Jozef"]
[Black "Krajnak, Robert"]
[Result "0-1"]
[WhiteElo "2227"]
[BlackElo "2089"]
[PlyCount "76"]
[EventDate "2005.??.??"]

1. d4 Nf6 2. Nf3 e6 3. g3 c5 4. Bg2 Be7 5. O-O O-O 6. e3 Qc7 7. b3 d5 8. Bb2
Rd8 9. Ne5 Bd7 10. Nd2 Be8 11. a4 Nbd7 12. f4 Rac8 13. c4 Qb8 14. Qe2 Nf8 15.
Nd3 cxd4 16. exd4 Ng6 17. c5 b6 18. b4 bxc5 19. bxc5 Bf8 20. Rfb1 Qc7 21. Nb4
Ne7 22. Na6 Qd7 23. Bc3 Nc6 24. Nb4 Rb8 25. Nc2 Rxb1+ 26. Rxb1 Rb8 27. Qe1 Qc7
28. Rxb8 Nxb8 29. Qa1 h6 30. Bf1 g5 31. fxg5 hxg5 32. Bd3 Nc6 33. Kg2 Bg7 34.
Qf1 e5 35. Qf5 e4 36. Be2 g4 37. Qf4 Qxf4 38. gxf4 Nh5 0-1

[Event "SR 2. liga A 2005/2006"]
[Site "?"]
[Date "2005.10.23"]
[Round "9.4"]
[White "Farkas, Vladimir"]
[Black "Mikulas, Dusan"]
[Result "0-1"]
[WhiteElo "2061"]
[BlackElo "2148"]
[PlyCount "100"]
[EventDate "2005.??.??"]

1. Nf3 g6 2. g3 Bg7 3. Bg2 e5 4. e4 Nc6 5. Nc3 d6 6. O-O Nge7 7. d3 O-O 8. Be3
f5 9. Qd2 fxe4 10. dxe4 Bg4 11. Ne1 Qd7 12. f3 Bh3 13. Rf2 Rf7 14. Nd3 Bxg2 15.
Kxg2 Raf8 16. Raf1 Na5 17. b3 Qc6 18. Nb4 Qd7 19. Nd3 b6 20. Bh6 Nac6 21. Bxg7
Kxg7 22. Ne2 d5 23. exd5 Nxd5 24. Nc3 Nxc3 25. Qxc3 Qd5 26. Nb4 Nxb4 27. Qxb4
c5 28. Qe1 Rf5 29. Rd2 Qc6 30. Rdf2 h5 31. Qc3 Kh7 32. Qe3 g5 33. Kg1 Qf6 34.
Rd1 Rf7 35. Rdd2 g4 36. fxg4 Rxf2 37. Rxf2 Qxf2+ 38. Qxf2 Rxf2 39. Kxf2 hxg4
40. Ke3 Kg6 41. Ke4 Kf6 42. Ke3 Kf5 43. a3 a6 44. c4 b5 45. a4 bxc4 46. bxc4 e4
47. Kf2 Ke5 48. Kg2 e3 49. Kf1 Kd4 50. Ke2 Ke4 0-1

[Event "SR 2. liga A 2005/2006"]
[Site "?"]
[Date "2005.10.??"]
[Round "9.5"]
[White "Kolman, Richard"]
[Black "Goga, Frantisek"]
[Result "1/2-1/2"]
[WhiteElo "2096"]
[BlackElo "2002"]
[PlyCount "68"]
[EventDate "2005.??.??"]

1. d4 Nf6 2. Nf3 g6 3. Bf4 Bg7 4. Nbd2 d6 5. e4 Bg4 6. Bc4 Nc6 7. c3 O-O 8. Qc2
d5 9. Bd3 dxe4 10. Nxe4 Nd5 11. Bg5 h6 12. Bd2 Bxf3 13. gxf3 e5 14. dxe5 Nxe5
15. Be2 Qh4 16. O-O-O Nf4 17. Bxf4 Qxf4+ 18. Qd2 Qf5 19. Qe3 Rfe8 20. Rd5 Qe6
21. Rhd1 c6 22. Ra5 b6 23. Ra6 Nd7 24. Rd6 Qh3 25. Qd2 Ne5 26. f4 Nf3 27. Qd3
Ng1 28. Qxh3 Nxh3 29. Bf3 Nxf4 30. Rxc6 Nd3+ 31. Kb1 Ne5 32. Nf6+ Bxf6 33. Rxf6
Nxf3 34. Rxf3 Re2 1/2-1/2

[Event "SR 2. liga A 2005/2006"]
[Site "?"]
[Date "2005.10.23"]
[Round "9.6"]
[White "Raczko, Peter"]
[Black "Hecht, Tomas"]
[Result "1/2-1/2"]
[WhiteElo "2041"]
[BlackElo "1973"]
[PlyCount "52"]
[EventDate "2005.??.??"]

1. e4 c5 2. c3 d5 3. exd5 Qxd5 4. d4 Nc6 5. Nf3 cxd4 6. cxd4 Bg4 7. Nc3 Qh5 8.
Be2 e6 9. O-O Bd6 10. g3 Nf6 11. Be3 O-O 12. h4 Rad8 13. Nh2 Bxe2 14. Qxe2 Qf5
15. Rfd1 Qh3 16. Qf1 Qxf1+ 17. Kxf1 Bc7 18. Rac1 Rd7 19. Nf3 Rfd8 20. Rd2 Nd5
21. Ke2 e5 22. Nxd5 Rxd5 23. dxe5 Rxd2+ 24. Nxd2 Bxe5 25. Nc4 Bf6 26. b3 Kf8
1/2-1/2

[Event "SR 2. liga A 2005/2006"]
[Site "?"]
[Date "2005.10.23"]
[Round "9.7"]
[White "Milanov, Jasen"]
[Black "Vinarcik, Jan"]
[Result "1/2-1/2"]
[WhiteElo "1988"]
[BlackElo "2046"]
[PlyCount "80"]
[EventDate "2005.??.??"]

1. c4 c5 2. Nc3 Nf6 3. g3 d5 4. cxd5 Nxd5 5. Bg2 Nb4 6. d3 e6 7. a3 N4c6 8. Be3
Nd4 9. Nf3 Nbc6 10. Rc1 Bd7 11. O-O Rc8 12. Nd2 Nf5 13. Nce4 Nxe3 14. fxe3 b6
15. Nc4 Qc7 16. d4 b5 17. Ncd2 c4 18. Ng5 f6 19. Nge4 Qb6 20. Rc3 e5 21. Nf3 f5
22. Nf2 e4 23. Nd2 Ne7 24. Nfxe4 fxe4 25. Bxe4 Qe6 26. Rf4 g5 27. d5 Nxd5 28.
Bxd5 Qxd5 29. Rd4 Qf7 30. Ne4 h6 31. Rxd7 Qe6 32. Qd4 Be7 33. Rxa7 Rf8 34. Rc1
Rd8 35. Nc5 Qf5 36. Qe4 Qxc5 37. Qg6+ Rf7 38. Qg8+ Rf8 39. Qg6+ Rf7 40. Qg8+
Rf8 1/2-1/2

[Event "SR 2. liga A 2005/2006"]
[Site "?"]
[Date "2005.10.23"]
[Round "9.8"]
[White "Jelenciak, Jozef"]
[Black "Janecek, Jan"]
[Result "1/2-1/2"]
[WhiteElo "1944"]
[BlackElo "1990"]
[PlyCount "52"]
[EventDate "2005.??.??"]

1. e4 e5 2. Nf3 Nc6 3. Bb5 d6 4. d4 exd4 5. Nxd4 Bd7 6. Nxc6 Bxc6 7. Bxc6+ bxc6
8. O-O Be7 9. Be3 Nf6 10. Nd2 O-O 11. c4 c5 12. Qc2 Nd7 13. Rad1 Bf6 14. f4 Bd4
15. Rf3 Qe7 16. Nb3 Bxe3+ 17. Rxe3 a5 18. Rh3 g6 19. Rg3 Rfe8 20. Nd2 Nf6 21.
f5 Nh5 22. Rg4 Nf6 23. Rg3 Nh5 24. Rg4 Nf6 25. Rg3 Nh5 26. Rg4 Nf6 1/2-1/2

[Event "SR 2. liga A 2005/2006"]
[Site "?"]
[Date "2005.10.23"]
[Round "10.1"]
[White "Matejovic, Juraj"]
[Black "Vlcek, Stanislav"]
[Result "1/2-1/2"]
[WhiteElo "2248"]
[BlackElo "2238"]
[PlyCount "91"]
[EventDate "2005.??.??"]

1. e4 c5 2. Nf3 d6 3. d4 cxd4 4. Nxd4 Nf6 5. Nc3 a6 6. Be2 e6 7. O-O Be7 8. f4
O-O 9. Kh1 Nc6 10. Be3 Bd7 11. a4 Rc8 12. Qe1 Nb4 13. Qg3 Rxc3 14. bxc3 Nxe4
15. Qf3 Nxc3 16. Qxb7 e5 17. Bf3 exd4 18. Qxb4 dxe3 19. Qxc3 Bf6 20. Qxe3 Re8
21. Qd2 Bxa1 22. Rxa1 Qf6 23. c3 Rc8 24. a5 Qxc3 25. Qxc3 Rxc3 26. Kg1 Bb5 27.
Rd1 Rd3 28. Rxd3 Bxd3 29. Kf2 Kf8 30. Ke3 Bf1 31. Kd4 Ke7 32. Bb7 h6 33. h4 Bb5
34. g3 Kd7 35. Bd5 f6 36. Bf7 Bc6 37. Bg8 Ke7 38. Bc4 Bb7 39. Bb3 Kd7 40. Bg8
Ke7 41. Bc4 g5 42. fxg5 fxg5 43. hxg5 hxg5 44. Bb3 Kf6 45. Bc2 Ke6 46. Bh7
1/2-1/2

[Event "SR 2. liga A 2005/2006"]
[Site "?"]
[Date "2005.10.23"]
[Round "10.2"]
[White "Dudas, Jan"]
[Black "Hrivnak, Martin"]
[Result "1-0"]
[WhiteElo "2287"]
[BlackElo "2177"]
[PlyCount "79"]
[EventDate "2005.??.??"]

1. e4 g6 2. d4 Bg7 3. Nc3 d6 4. Bg5 Nc6 5. Nge2 Nf6 6. f3 O-O 7. g4 d5 8. e5
Ne8 9. Qd2 f6 10. exf6 exf6 11. Bh6 b5 12. O-O-O b4 13. Na4 Nd6 14. Bxg7 Kxg7
15. Nf4 Nc4 16. Bxc4 dxc4 17. Nc5 Qd6 18. Qe3 Kg8 19. Ne4 Qd8 20. Qe2 Na5 21.
Nc5 Re8 22. Qd2 Qd6 23. Ne4 Rxe4 24. fxe4 c3 25. Qf2 Nc4 26. Nd5 f5 27. gxf5
Bxf5 28. exf5 Qxd5 29. fxg6 cxb2+ 30. Kb1 hxg6 31. Rhg1 Kg7 32. Qg3 Na3+ 33.
Kxb2 Nc4+ 34. Kc1 Qc6 35. d5 Qf6 36. Qxc7+ Kh6 37. Qxc4 a5 38. Qc6 Qf5 39. Qxa8
b3 40. axb3 1-0

[Event "SR 2. liga A 2005/2006"]
[Site "?"]
[Date "2005.10.23"]
[Round "10.3"]
[White "Chovanec, Vladimir"]
[Black "Duriga, Stefan"]
[Result "0-1"]
[WhiteElo "2111"]
[BlackElo "2263"]
[PlyCount "76"]
[EventDate "2005.??.??"]

1. Nf3 d5 2. g3 Nf6 3. Bg2 Bf5 4. d3 e6 5. O-O h6 6. Nbd2 Be7 7. c4 c6 8. b3 a5
9. Bb2 O-O 10. Re1 Na6 11. a3 Bh7 12. Rc1 Re8 13. Rc2 Bc5 14. h3 Qb6 15. Rf1
Nh5 16. Ne5 Rad8 17. e3 Nf6 18. Rc1 Qc7 19. d4 Bd6 20. Ndf3 Ne4 21. c5 Bf8 22.
Nd3 b6 23. cxb6 Qxb6 24. Nfe5 f6 25. Nf3 c5 26. dxc5 Naxc5 27. Nxc5 Nxc5 28.
Nd4 e5 29. Ne2 Be4 30. b4 axb4 31. axb4 Qxb4 32. Bc3 Qb5 33. Bxe4 Nxe4 34. Rb1
Qd7 35. Kg2 d4 36. Qb3+ Kh8 37. exd4 exd4 38. Nxd4 Nxc3 0-1

[Event "SR 2. liga A 2005/2006"]
[Site "?"]
[Date "2005.10.23"]
[Round "10.4"]
[White "Petrik, Karol"]
[Black "Bednar, Jan"]
[Result "1/2-1/2"]
[WhiteElo "2230"]
[BlackElo "2175"]
[PlyCount "112"]
[EventDate "2005.??.??"]

1. c4 c5 2. Nf3 Nc6 3. g3 g6 4. Bg2 Bg7 5. O-O d6 6. Nc3 e5 7. a3 Nge7 8. Rb1
a5 9. d3 O-O 10. Bd2 h6 11. Ne1 Be6 12. Nc2 d5 13. cxd5 Nxd5 14. Ne3 Nde7 15.
Qa4 Nd4 16. Qd1 Bb3 17. Qe1 Rb8 18. Kh1 a4 19. f4 exf4 20. Rxf4 b6 21. Rf1 Qd7
22. g4 Be6 23. Ne4 f5 24. gxf5 gxf5 25. Nc3 Nb3 26. Ned1 Nxd2 27. Qxd2 Nd5 28.
Rg1 Kh8 29. Bf3 Rbd8 30. Rg2 Nf6 31. Nf2 c4 32. Rbg1 Rf7 33. Qc2 cxd3 34. Nxd3
Bb3 35. Qc1 Nh7 36. Qf4 Re7 37. Qh4 Rde8 38. Nf4 Nf8 39. Ng6+ Nxg6 40. Rxg6 Rd8
41. Rxb6 Rc8 42. Qb4 Rc4 43. Qa5 Rh4 44. Rg2 Qc7 45. Qa8+ Kh7 46. Rxb3 axb3 47.
Bd5 Rg4 48. Rxg4 fxg4 49. Be4+ Rxe4 50. Qxe4+ Kh8 51. Qb4 Qf7 52. Kg2 Qe6 53.
a4 Qe3 54. Qc4 Bd4 55. Qc8+ Kh7 56. Qf5+ Kh8 1/2-1/2

[Event "SR 2. liga A 2005/2006"]
[Site "?"]
[Date "2005.10.23"]
[Round "10.5"]
[White "Harvan, Martin"]
[Black "Petreje, Juraj"]
[Result "1/2-1/2"]
[WhiteElo "2131"]
[BlackElo "2181"]
[PlyCount "60"]
[EventDate "2005.??.??"]

1. e4 d5 2. exd5 Qxd5 3. Nc3 Qd8 4. d4 Nf6 5. Nf3 g6 6. Bc4 Bg7 7. O-O O-O 8.
h3 a6 9. a4 b6 10. Re1 Bb7 11. Bg5 Nbd7 12. Ne5 h6 13. Bxf6 Nxf6 14. Nxg6 Re8
15. Ne5 e6 16. Re3 Qd6 17. Rg3 Qb4 18. Qe2 Rad8 19. Rd1 Kf8 20. b3 Rd6 21. Bxa6
Bxa6 22. Qxa6 Rxd4 23. Rxd4 Qxd4 24. Nc6 Qf4 25. Qd3 e5 26. Nb5 Qc1+ 27. Kh2 e4
28. Qc4 Qf4 29. Kg1 Qc1+ 30. Kh2 Qf4 1/2-1/2

[Event "SR 2. liga A 2005/2006"]
[Site "?"]
[Date "2005.10.23"]
[Round "10.7"]
[White "Stefan, Oldrich"]
[Black "Sukuba, Zdeno"]
[Result "1-0"]
[WhiteElo "2080"]
[BlackElo "2108"]
[PlyCount "60"]
[EventDate "2005.??.??"]

1. d4 Nf6 2. Nf3 e6 3. c4 b6 4. Nc3 Bb7 5. Qc2 Be7 6. e4 d5 7. Bd3 dxe4 8. Nxe4
Nbd7 9. O-O Nxe4 10. Bxe4 Bxe4 11. Qxe4 Nf6 12. Qc6+ Kf8 13. Bf4 Rc8 14. Rfd1
Qd7 15. Ne5 Qxc6 16. Nxc6 a5 17. Be5 Bd6 18. f4 Bxe5 19. dxe5 Ne4 20. Na7 Re8
21. Rd7 g6 22. Rad1 Kg7 23. Rxc7 Rd8 24. Rcd7 Ra8 25. Nb5 a4 26. Nc7 Rac8 27.
Nxe6+ Kh6 28. Nd8 Rhxd8 29. Rxd8 Rxc4 30. R8d4 Rc2 1-0

[Event "SR 2. liga A 2005/2006"]
[Site "?"]
[Date "2005.10.23"]
[Round "10.8"]
[White "Kebis, Milos"]
[Black "Bury, Rastislav"]
[Result "1/2-1/2"]
[WhiteElo "2054"]
[BlackElo "2047"]
[PlyCount "96"]
[EventDate "2005.??.??"]

1. c4 Nf6 2. Nc3 e6 3. e4 d5 4. e5 d4 5. exf6 dxc3 6. bxc3 Qxf6 7. d4 e5 8. Nf3
exd4 9. cxd4 Bb4+ 10. Bd2 Bxd2+ 11. Qxd2 O-O 12. Be2 c5 13. O-O cxd4 14. Qxd4
Qxd4 15. Nxd4 Bd7 16. Rab1 Nc6 17. Nb5 Ne5 18. f4 Bg4 19. Bxg4 Nxg4 20. Rfe1
Rfe8 21. h3 Nf6 22. Nd6 Rxe1+ 23. Rxe1 Rd8 24. Nxb7 Rd7 25. Na5 Kf8 26. Rb1 Ne8
27. Rb2 Rd4 28. g3 Rd3 29. Kg2 Rc3 30. Rd2 Nf6 31. Nc6 Rxc4 32. Nxa7 Ne4 33.
Rb2 Rc3 34. g4 Nd6 35. a4 Rc7 36. Nb5 Nxb5 37. axb5 Ke7 38. Kf3 Kd7 39. b6 Rc3+
40. Ke4 Kc8 41. b7+ Kb8 42. h4 Rc4+ 43. Ke3 Rc7 44. h5 Rxb7 45. Rxb7+ Kxb7 46.
h6 g5 47. Ke4 Kc7 48. Kf5 gxf4 1/2-1/2

[Event "SR 2. liga A 2005/2006"]
[Site "?"]
[Date "2005.10.23"]
[Round "11.1"]
[White "Pacher, Milan"]
[Black "Likavsky, Tomas"]
[Result "0-1"]
[WhiteElo "2201"]
[BlackElo "2514"]
[PlyCount "76"]
[EventDate "2005.??.??"]

1. d4 Nf6 2. c4 g6 3. Nc3 Bg7 4. e4 d6 5. Nf3 O-O 6. Be2 Na6 7. O-O e5 8. Be3
Ng4 9. Bg5 Qe8 10. Re1 h6 11. Bh4 Kh8 12. h3 Nf6 13. Nd5 Nxe4 14. Bd3 f5 15.
Bxe4 fxe4 16. Rxe4 Bf5 17. Re1 g5 18. Bg3 e4 19. Nd2 Qe6 20. Nf1 Bg6 21. Nfe3
Rad8 22. a3 c5 23. Nc2 Qf7 24. b4 b5 25. Nde3 bxc4 26. Ra2 Nc7 27. d5 Nb5 28.
Qg4 c3 29. Raa1 Nd4 30. Rac1 Rfe8 31. h4 Bh5 32. Qh3 g4 33. Qh2 Re5 34. Nc4
Rxd5 35. N2e3 Nb3 36. Nxd5 Nxc1 37. Rxc1 Qxd5 38. Nxd6 c2 0-1

[Event "SR 2. liga A 2005/2006"]
[Site "?"]
[Date "2005.10.23"]
[Round "11.2"]
[White "Meszaros, Michal"]
[Black "Oprea, Erik"]
[Result "1-0"]
[WhiteElo "2201"]
[BlackElo "2514"]
[PlyCount "57"]
[EventDate "2005.??.??"]

1. e4 d6 2. d4 g6 3. Nc3 c6 4. h3 Bg7 5. Be3 Qc7 6. f4 e5 7. Nf3 exf4 8. Bxf4
Ne7 9. Qd2 Nd7 10. d5 cxd5 11. Nb5 Qb6 12. Bxd6 O-O 13. Bxe7 Re8 14. Ba3 dxe4
15. Ng5 Nc5 16. Bc4 Ne6 17. Nxf7 Kxf7 18. Nd6+ Kg8 19. Nxe8 Be5 20. Qf2 Qxf2+
21. Kxf2 Kh8 22. Rhd1 Nd4 23. Bd6 e3+ 24. Kf1 Bxd6 25. Nxd6 e2+ 26. Bxe2 Nxc2
27. Nxc8 Rxc8 28. Rac1 Ne3+ 29. Kg1 1-0

[Event "SR 2. liga A 2005/2006"]
[Site "?"]
[Date "2005.10.23"]
[Round "11.3"]
[White "Sturc, Gustav"]
[Black "Polasek, Filip"]
[Result "1/2-1/2"]
[WhiteElo "2103"]
[BlackElo "2068"]
[PlyCount "41"]
[EventDate "2005.??.??"]

1. e4 e5 2. Nf3 Nc6 3. Bb5 a6 4. Ba4 Nf6 5. O-O Be7 6. Bxc6 dxc6 7. Qe1 Bd6 8.
d4 Qe7 9. dxe5 Bxe5 10. Nxe5 Qxe5 11. Qc3 Qh5 12. Qg3 O-O 13. Nc3 Qa5 14. a3
Re8 15. b4 Qe5 16. Bf4 Qe7 17. Rfe1 Nh5 18. Qg5 Nxf4 19. Qxf4 Be6 20. Qg3 Bc4
21. Rab1 1/2-1/2

[Event "SR 2. liga A 2005/2006"]
[Site "?"]
[Date "2005.10.23"]
[Round "11.5"]
[White "Breja, Stanislav"]
[Black "Pagerka, Martin"]
[Result "1/2-1/2"]
[WhiteElo "2091"]
[BlackElo "1858"]
[PlyCount "82"]
[EventDate "2005.??.??"]

1. e4 c5 2. c3 d5 3. exd5 Qxd5 4. d4 Nf6 5. Nf3 Nc6 6. Be2 e6 7. O-O Be7 8. Na3
O-O 9. Qc2 Qd8 10. Rd1 Qc7 11. Bg5 Nd5 12. Bxe7 Ncxe7 13. Ng5 Ng6 14. Bf3 Rd8
15. dxc5 Qxc5 16. c4 Qe7 17. Nxe6 Bxe6 18. cxd5 Rac8 19. Qa4 Bf5 20. Qxa7 Rb8
21. Qe3 Qb4 22. Qd4 Qe7 23. d6 Qg5 24. Qe3 Qf6 25. Qd4 Qg5 26. g3 h5 27. Nc4 h4
28. Ne3 Bd7 29. Rac1 Ne5 30. Bh1 hxg3 31. hxg3 Qh5 32. Qh4 Nf3+ 33. Bxf3 Qxf3
34. Qf4 Qh5 35. Nd5 Bg4 36. Ne7+ Kf8 37. Rd5 Qh3 38. Ng6+ Kg8 39. Ne7+ Kf8 40.
Ng6+ Kg8 41. Ne7+ Kf8 1/2-1/2

[Event "SR 2. liga A 2005/2006"]
[Site "?"]
[Date "2005.10.23"]
[Round "11.6"]
[White "Diviak, Rudolf"]
[Black "Cambel, Vladimir"]
[Result "0-1"]
[WhiteElo "1959"]
[BlackElo "2080"]
[PlyCount "124"]
[EventDate "2005.??.??"]

1. e4 g6 2. d4 Bg7 3. Nc3 d6 4. Be3 Nf6 5. f3 O-O 6. Qd2 Re8 7. Bh6 Bh8 8. Nge2
Bd7 9. g4 b5 10. Ng3 b4 11. Nce2 Bb5 12. Qxb4 Bxe2 13. Nxe2 c5 14. Qd2 cxd4 15.
Nxd4 Qb6 16. c3 Nc6 17. Be3 Ne5 18. Be2 Qb7 19. h3 d5 20. g5 Nh5 21. exd5 Qxd5
22. Kf2 Rad8 23. Qc2 Nc4 24. Bxc4 Qxc4 25. b3 Qc7 26. Ne2 Rd5 27. Rag1 Red8 28.
Rg4 Rd3 29. Rc4 Qd6 30. Bd4 Rxd4 31. cxd4 e5 32. Rc8 exd4 33. Rxd8+ Qxd8 34.
Rd1 Be5 35. h4 Qb6 36. Qd3 Ng7 37. f4 Bd6 38. Kg2 Nf5 39. Kh3 Bc5 40. Qe4 Nd6
41. Qd5 Nf5 42. Rc1 Bf8 43. Rc6 Qb8 44. h5 Qe8 45. Qf3 d3 46. Nc3 Nd4 47. Rxg6+
hxg6 48. Qxd3 Qe6+ 49. Kh2 Bg7 50. h6 Bh8 51. Ne4 Qg4 52. h7+ Kxh7 53. Qh3+
Qxh3+ 54. Kxh3 Kg8 55. Nd6 f5 56. gxf6 Bxf6 57. b4 a6 58. Nc8 Bd8 59. Nd6 Be7
60. Nc4 Bxb4 61. Kg4 Be7 62. f5 Nxf5 0-1

[Event "SR 2. liga A 2005/2006"]
[Site "?"]
[Date "2005.10.23"]
[Round "11.7"]
[White "Isa, Vlastimil"]
[Black "Pericka, Tomas"]
[Result "1-0"]
[WhiteElo "1971"]
[BlackElo "1945"]
[PlyCount "57"]
[EventDate "2005.??.??"]

1. e4 c5 2. Nf3 Nc6 3. d4 cxd4 4. Nxd4 g6 5. Nc3 Bg7 6. Be3 Nf6 7. f4 d6 8. Be2
a6 9. O-O Qc7 10. Nd5 Nxd5 11. exd5 Nxd4 12. Bxd4 Bxd4+ 13. Qxd4 O-O 14. c4 b6
15. b4 a5 16. a3 Ba6 17. Rfc1 Rfc8 18. Bg4 Rd8 19. f5 Bc8 20. fxg6 hxg6 21.
Bxc8 Rdxc8 22. Rc3 axb4 23. Rh3 f6 24. Qh4 Qc5+ 25. Kh1 Kf7 26. Qh7+ Ke8 27.
Re1 Ra7 28. Qg8+ Kd7 29. Rxe7+ 1-0

[Event "SR 2. liga A 2005/2006"]
[Site "?"]
[Date "2005.10.23"]
[Round "11.8"]
[White "Diviak, Rastislav"]
[Black "Hricak, Vasil"]
[Result "0-1"]
[WhiteElo "1945"]
[BlackElo "2032"]
[PlyCount "90"]
[EventDate "2005.??.??"]

1. e4 e6 2. d4 d5 3. Nd2 dxe4 4. Nxe4 Nd7 5. Nf3 Ngf6 6. Bd3 Be7 7. O-O b6 8.
c3 Bb7 9. Nxf6+ Nxf6 10. Bf4 O-O 11. Re1 c5 12. Qe2 cxd4 13. Nxd4 Qd5 14. Nf3
Rfd8 15. Bc4 Qf5 16. Qe5 Qxe5 17. Nxe5 Bc5 18. Nd3 Be7 19. Ne5 Ne4 20. Bd3 Nc5
21. Be2 f6 22. Nf3 e5 23. Be3 Nd3 24. Bxd3 Rxd3 25. Rad1 Rad8 26. Rxd3 Rxd3 27.
Nd2 f5 28. Nb3 Bf6 29. f3 f4 30. Bd2 Bd5 31. Rd1 Bxb3 32. axb3 e4 33. fxe4 f3
34. Kf2 Bg5 35. Bxg5 Rxd1 36. Kxf3 Rb1 37. b4 Kf7 38. Bf4 Rxb2 39. Bb8 a5 40.
bxa5 bxa5 41. Bd6 Rb3 42. Be5 a4 43. Ke2 a3 44. Kd2 a2 45. c4 Rb1 0-1

[Event "SR 2. liga A 2005/2006"]
[Site "?"]
[Date "2005.10.23"]
[Round "12.1"]
[White "Polacik, Igor"]
[Black "Ruckschloss, Karol"]
[Result "1/2-1/2"]
[WhiteElo "2056"]
[BlackElo "2275"]
[PlyCount "32"]
[EventDate "2005.??.??"]

1. e4 d6 2. c4 c5 3. Nc3 g6 4. Nge2 Nc6 5. d4 cxd4 6. Nxd4 Bg7 7. Be3 Nf6 8.
Be2 h5 9. f3 h4 10. Qd2 Bd7 11. O-O-O Ne5 12. Kb1 Rc8 13. b3 Qa5 14. g4 h3 15.
Rdg1 Qb4 16. Nc2 Qa5 1/2-1/2

[Event "SR 2. liga A 2005/2006"]
[Site "?"]
[Date "2005.10.23"]
[Round "12.2"]
[White "Provaznik, Michal"]
[Black "Slovik, Vojtech"]
[Result "1/2-1/2"]
[WhiteElo "2164"]
[BlackElo "2041"]
[PlyCount "25"]
[EventDate "2005.??.??"]

1. Nf3 Nf6 2. d4 d5 3. e3 Bg4 4. Be2 e6 5. b3 Bd6 6. Bb2 Ne4 7. h3 Bh5 8. Ne5
Bxe2 9. Qxe2 c6 10. O-O Nd7 11. Nxd7 Qxd7 12. Nd2 Nxd2 13. Qxd2 1/2-1/2